Star Wars Weapons - Statistics

General Stats
  • This quiz has been taken 12 times
  • The average score is 7 of 18
Answer Stats
BlasTech Models % Correct
A predecessor to the Galactic Empire’s staple blaster rifleNotorious for failing under intense conditions E-10
100%
A lightweight and versatile blaster rifle employed by the Galactic Empire’s Stormtrooper Corps E-11
100%
A heavy, double barreled blaster rifle preferred by Imperial Shoretroopers E-22
100%
A rifle design manufactured in mass number by Baktoid Armor Workshop for the CIS Droid Army E-5
100%
One of the galaxies most powerful blaster pistols, famously wielded by Han Solo DL-44
57%
A versatile blaster rifle generally used as either a full-sized rifle or a lighter carbineEmployed by the Clone Army of the Galactic Republic DC-15
43%
A powerful yet lightweight blaster carbine, the primary weapon of Imperial Death Troopers E-11D
43%
A medium weight and reliable blaster rifle model trusting by the infantry of the Alliance to Restore the Republic A-280
29%
A heavy and long-range blaster rifle used by some Stormtrooper units DLT-19
29%
A cumbersome but incredibly powerful emplacement repeating blaster used by Imperial forces E-Web
29%
A man-portable rotary blaster cannon used by heavy troopers in the Clone Wars Z-6
29%
A basic blaster pistol common in the galactic underworld DL-18
14%
A specialized high-power sniper rifle used by a select few Stormtrooper units DLT-20a
14%
A longblaster used by the Droid Army which power and accuracy over a great range. E-5s
14%
A modular blaster pistol design popular among the soldiers, operatives, and officers of the Rebel Alliance A-180
0%
A more recent but far less popular model of the Rebellion’s favored weapon lineUsed during the Rebel assault on the Citadel Tower on Scarif A-300
0%
A modular weapon system with optional sniper and anti-armor attachments wielded by Clone Commando units DC-17m
0%
A modified blaster rifle with a stock and heavy barrelUtilized by B-1 Heavy Battle Droids E-5C
0%
No matching quizzes found
Score Distribution
Percent of People with Each Score
Percentile by Number Answered
Your Score History
You have not taken this quiz